LEADER 00832nam0-22003011i-450- 001 990007535890403321 005 20070911112335.0 035 $a000753589 035 $aFED01000753589 035 $a(Aleph)000753589FED01 035 $a000753589 100 $a20030814d2000----km-y0itay50------ba 101 0 $aita 102 $aIT 105 $aa-------001yy 200 1 $aPerù ora o mai più$fCarlo Pizzati$gfoto di Ed Kashi 210 $aMilano$cs. n.$d2000 215 $a[7] p.$cill.$d27 cm 300 $aEstr. da: D : la Repubblica delle donne, 3 ott. 2000 610 0 $aPerù 700 1$aPizzati,$bCarlo$0417799 801 0$aIT$bUNINA$gRICA$2UNIMARC 901 $aBK 912 $a990007535890403321 952 $aMISC.P-0112$bI.G. s.i.$fILFGE 959 $aILFGE 996 $aPerù ora o mai più$9684704 997 $aUNINA LEADER 01277nam a2200229 i 4500 001 991004032419707536 008 035 $ab14426845-39ule_inst 040 $aDip.to di Storia, Società e Studi sull'Uomo$bita 082 04$a3 100 1 $aMao Zedong$0228976 245 10$aSobre la nueva democracia ; Intervenciones en el Foro de Yenan sobre arte y literatura ; Sobre el tratamiento correcto de las contradicciones en el seno del pueblo ; Discurso ante la Conferencia National del Partitdo comunista de China sobre el trabajo de propaganda 250 $aSegunda edición 260 $aPekin :$bEdiciones en Lenguas extranjeras,$c1972 300 $a342 p. 650 4$as 907 $a.b14426845$b25-02-22$c02-12-21 912 $a991004032419707536 945 $aLE023 Fondo Brambilla 736$g1$i2023000208106$lle023$o-$pE50.00$q-$rn$so $t0$u0$v0$w0$x0$y.i15988399$z02-12-21 996 $aSobre la nueva democracia ; Intervenciones en el Foro de Yenan sobre arte y literatura ; Sobre el tratamiento correcto de las contradicciones en el seno del pueblo ; Discurso ante la Conferencia National del Partitdo comunista de China sobre el trabajo de propaganda$92780015 997 $aUNISALENTO 998 $ale023$b02-12-21$cm$da $e-$fspa$gsp $h0$i0